| 000 | 00558nam a2200181Ia 4500 | ||
|---|---|---|---|
| 008 | 090123s9999 xx 000 0 und d | ||
| 082 | _b29067 | ||
| 100 | _aभिडे चारुशिला | ||
| 245 | _aप्रकाश किरण | ||
| 250 | _a1 | ||
| 260 |
_bदेविका प्रकाशन _c1999 |
||
| 300 | _a171 | ||
| 600 | _aभिडे चारुशिला | ||
| 630 | _aप्रकाश किरण | ||
| 700 | _aभिडे चारुशिला | ||
| 730 | _aप्रकाश किरण | ||
| 942 | _cBOOK | ||
| 999 |
_c67808 _d67808 |
||